000 00415 a2200133 4500
005 20250609122216.0
020 _a978-9976-78-074-1
082 _a650.3 NBA
111 _aNational Board of Accountants and Authors
245 _aElements of Commercial Knowledge and Taxation TO7
260 _aDar Es Salaam
_bNational Board of Accountants and Auditors
_c2019
300 _av, 264p.:ill.;table,
_c29cm
942 _2ddc
_cBKS
999 _c3508
_d3508